| 000 | 01262cam a22003617a 4500 | ||
|---|---|---|---|
| 003 | CHAP | ||
| 005 | 20220329140115.0 | ||
| 008 | 971013s1965 r 00010 d | ||
| 010 | _a47050 | ||
| 011 | _a48022 | ||
| 035 | _a52166 | ||
| 040 | _cCHAP | ||
| 090 | _aTesis | ||
| 100 | 0 | 0 |
_aValdivieso García, Angel Ignacio. _9117328 |
| 245 | 0 | _aEstudios topográficos necesarios para establecer el Distrito de Riego del Río Ajuchitlán, Gro. | |
| 260 |
_aMéxico, D.F. : _bEl autor, _c1965 |
||
| 300 |
_a88 h. _b; gráfs. |
||
| 502 | _aTesis (Ing. Topográfico) -- UNAM. Fac. de Ingeniería | ||
| 590 |
_aALEPH _b10 _c20130110 _lUCH01 _h1316 |
||
| 590 |
_aBATCH-UPD _b10 _c20130110 _lUCH01 _h0210 |
||
| 590 |
_aBATCH-UPD _b10 _c20130110 _lUCH01 _h1757 |
||
| 590 |
_aBATCH-UPD _b10 _c20130409 _lUCH01 _h2225 |
||
| 590 |
_aBATCH-UPD _b10 _c20130410 _lUCH01 _h1134 |
||
| 590 |
_aBATCH-UPD _b10 _c20130914 _lUCH01 _h1210 |
||
| 590 |
_aCONVERSION _b10 _c20130109 _lUCH01 _h1326 |
||
| 650 | 1 | 4 |
_aDistritos de riego _xGuerrero. _932975 |
| 650 | 1 | 4 |
_aIrrigación _xProyectos _xGuerrero. _960454 |
| 650 | 1 | 4 |
_aLevantamiento topográfico. _966426 |
| 650 | 1 | 4 |
_aSuelos _xTopografía _xGuerrero. _9110497 |
| 901 | _aBK | ||
| 942 | _cTESIS | ||
| 949 |
_bBC _cTES _d-116346 _eTS1 _i52166 _si |
||
| 999 |
_c47050 _d47050 |
||